[Event "Groningen"]
[Site "Groningen"]
[Date "1995.??.??"]
[Round "6"]
[White "Hansen, Curt"]
[Black "Tiviakov, Sergei"]
[Result "1-0"]
[WhiteElo "2635"]
[BlackElo "2655"]
[Annotator "Hansen,LB"]
[PlyCount "95"]
[EventDate "1995.12.??"]
[EventType "tourn"]
[EventRounds "11"]
[EventCountry "NED"]
[EventCategory "17"]
[SourceTitle "CBM 051"]
[Source "ChessBase"]
[SourceDate "1996.04.01"]
[SourceVersion "1"]
[SourceVersionDate "1996.04.01"]
[SourceQuality "1"]

1. Nf3 Nf6 2. c4 b6 3. Nc3 Bb7 4. d4 e6 5. a3 d5 6. Bg5 Be7 7. Qa4+ Bc6 $5 (
7... c6 8. Bxf6 Bxf6 9. cxd5 exd5 10. g3 $14) (7... Qd7 $5 8. Qxd7+ Nbxd7 9.
Nb5 Kd8 10. cxd5 Nxd5 11. e4 N5f6 12. Bf4 Ne8 13. Bd3 h6 14. O-O-O c6 15. Nc3
Bd6 16. Be3 Ke7 17. Kb1 Rc8 $10 {van Wely,L-Karpov,A/Groningen/1995/}) 8. Qb3
dxc4 9. Qxc4 O-O 10. e3 Bb7 11. Be2 Nd5 12. Bxe7 Qxe7 13. O-O Rc8 14. Rac1 c5
15. Qa4 Nd7 16. Ba6 $1 $14 {>< <->c} Nxc3 17. Rxc3 Bxa6 18. Qxa6 Rd8 19. Qb7 $1
Qd6 20. Rd1 Qb8 21. Qc6 Nf6 22. Rdc1 Rd6 23. Qb5 Ne4 24. R3c2 Qd8 25. Qd3 Ng5
26. Nxg5 Qxg5 27. Qe4 $1 Rad8 28. h4 $1 Qf6 29. dxc5 bxc5 $14 30. Qf4 Rd1+ $2 (
30... Qxf4 $1 31. exf4 Rb6 $1 32. Rxc5 Rxb2 33. Rc8 Rf8 34. Rxf8+ Kxf8 35. Rc8+
Ke7 36. Rc7+ Kf6 37. Rxa7 (37. g4 $5) 37... h5 $14) 31. Rxd1 Rxd1+ 32. Kh2 Qe7
33. b4 $1 cxb4 34. Rc7 g5 $2 (34... Qf8 35. axb4 $18) 35. Qg3 $5 (35. hxg5 e5 (
35... Qd6 36. Rxf7 $1 {Tiviakov}) 36. Qc4 $1 $18) 35... Qd6 36. Rc8+ Kg7 37. f4
$1 Qe7 38. axb4 Rb1 39. Rc5 $1 $18 h6 40. hxg5 h5 41. e4 $1 Qd6 42. Qc3+ e5 43.
Rd5 Qb8 44. g6 $1 Rxb4 45. Rxe5 Rb3 46. Qc4 fxg6 47. Re7+ Kh6 48. Qf7 1-0

[Event "Czerniak Memorial 12th"]
[Site "Tel Aviv"]
[Date "1996.??.??"]
[Round "3"]
[White "Har Zvi, Ronen"]
[Black "Gofshtein, Leonid D"]
[Result "0-1"]
[WhiteElo "2510"]
[BlackElo "2540"]
[Annotator "Har Zvi,R"]
[PlyCount "76"]
[EventDate "1996.04.??"]
[EventType "tourn"]
[EventRounds "11"]
[EventCountry "ISR"]
[EventCategory "9"]
[SourceTitle "CBM 053"]
[Source "ChessBase"]
[SourceDate "1996.08.01"]
[SourceVersion "1"]
[SourceVersionDate "1996.08.01"]
[SourceQuality "1"]

1. d4 {Bykhovsky,Av} Nf6 2. c4 e6 3. Nf3 b6 4. a3 Ba6 5. Qc2 Bb7 6. Nc3 c5 7.
e4 cxd4 8. Nxd4 d6 (8... Nc6 $5 {Bykhovsky,Av}) 9. f3 {better is 9.Be2} (9. Be2
Be7 10. O-O (10. Be3 {Bykhovsky,Av} a6 11. O-O Nbd7 12. f4 $5 $14 {Cramling,
P-Sjoberg,M/Stockholm/1995/1:0/40/}) 10... O-O 11. Be3 a6 12. Rfd1 Qc7 13. Rac1
Nbd7 14. f3 Rfc8 $1 (14... Rac8 {38/653}) 15. Bf1 Qd8 16. Qf2 Rab8 17. Kh1 $13
{Ljubojevic,L-Piket,J Monaco (m/3) 60/(480)} (17. b4 Qe8 (17... Qf8) 18. Nb3
Ba8 19. Kh1 h6 20. Rc2 Ne5 $2 21. Bxb6 Nxc4 22. Bxc4 Rxc4 23. Na5 $16 {Notkin,
M-Tunik,G St.Petersburg 1994 1-2/1-2 39})) 9... Nbd7 (9... Be7 10. Qa4+ (10.
Qf2 O-O 11. Be2 Nbd7 12. O-O Re8 13. Rd1 Rc8 $6 (13... a6) 14. Ndb5 d5 15. Nxa7
Ra8 16. Nab5 dxe4 17. fxe4 Bxe4 18. Be3 Bc6 19. Qg3 $16 {Farago,I-Csom,I
Hun-ch 1984 1-0 67}) 10... Nbd7 11. Nc6 Bxc6 12. Qxc6 O-O 13. Qa4 a6 (13... d5
$5) 14. Be3 d5 $1 15. cxd5 exd5 16. exd5 Re8 17. Kf2 Bc5 18. Bxc5 Nxc5 19. Qd1
Qe7 $36 {Rivas,P-Rechlis,G Thessaloniki olm 1-2/1-2 43}) 10. g4 $6 {at that
day I was in a big fighting mode,and just wanted to mate my opponent whom I
have a very bad score! so after this game my score is even worse!} h6 11. Be3
Rc8 12. O-O-O {/\Qf2 /} a6 13. Qa4 {really I do not like playing this move but
I want to prevent black from playing Ne5} g6 14. h4 Bg7 15. Bh3 (15. Be2 $5)
15... Qe7 $1 {15...0-0 seems to be very dangerous} (15... O-O 16. g5 Nc5 (16...
hxg5 $2 17. Nxe6 $1 Bc6 (17... fxe6 18. Bxe6+ Rf7 19. hxg5 $16) 18. Qxc6 Rxc6
19. Nxd8 Rxd8 20. hxg5 Nh5 21. Nd5 $18) 17. Qc2 {with just initiative for
white with no compensation at all for black}) (15... Qc7 16. g5 {/\Be6/}) 16.
g5 $6 (16. Kb1 $142) 16... hxg5 17. Bxg5 (17. hxg5 $13) 17... Kf8 $3 {the move
which I underestimated,after 17...0-0 18.h5! white gets a very strong attack,
but now the king is better on f8,while black has is rook on the important half
open "h" file but still white is OK} 18. Kb1 Ne5 19. f4 $4 {that is a serious
mistake since white will not get anything for that pawn,I wanted to play 19.
Nd5!? which I think is the best move in the position,but I played 19.f4??
since I missed black's 20 move} (19. Nd5 exd5 20. Bxc8 Bxc8 21. cxd5 Nxf3 $5 (
21... Bh6 22. Nc6 $1 Nxc6 23. Qxc6 {when white is better}) 22. Nxf3 Qxe4+ 23.
Qxe4 Nxe4 24. Rhe1 Bf5 25. Ka2) (19. Bf1 $32 $15 {Bykhovsky,Av}) 19... Nxc4 20.
Rhe1 Qe8 $1 21. Qb4 a5 22. Qb3 Nh7 23. Bf1 Nxg5 24. hxg5 Ba6 25. Ndb5 {this is
an incredible complicated position,both players where already in time trouble,
as you will see black has three moves all deserve deep analyse} Nxb2 $5 (25...
Bxc3 $5 26. Qxc3 (26. Nxc3 Qc6) 26... Nxa3+ (26... Rh2 $6 27. Bxc4 Bxb5 28. Rh1
$1 (28. Bxb5 Rxc3 29. Bxe8 Rcc2 $1 30. Ba4 (30. Bd7 Ke7) 30... Rxb2+ 31. Ka1 b5
$19) 28... Rxc4 29. Rxh2 Rxc3 30. Rh8+ Kg7 31. Rxe8 Rf3 $13 {+/=}) 27. Qxa3
Bxb5 28. Qxd6+ Kg8 29. Qxb6 Bxf1 30. Rxf1 Rh2 31. Rf2 $8 {when maybe black has
slight initiative but not more than that I think the result should be a draw} (
31. Qxa5 Ra8 $17) (31. Qd4 Rcc2 32. b3 Qb5)) (25... Bxb5 $6 26. Nxb5 Nxb2 27.
Nxd6 $1 (27. Rxd6 $5) 27... Nxd1 28. Nxe8 (28. Rxd1 {Bykhovsky,Av}) 28... Nc3+
29. Ka1 Kxe8 30. e5 Rh2 31. Rc1 a4 $1 32. Bb5+ Kd8 33. Bxa4 Ra2+ 34. Qxa2 Nxa2
35. Rxc8+ Kxc8 36. Kxa2 Kd8 $10) 26. Rxd6 (26. Nxd6 $2 Rxc3 $1 27. Qxb6 Rc6) (
26. Qxb2 Bxb5 27. Bxb5 Bxc3 28. Bxe8 Bxb2 29. Kxb2 Kxe8 30. Rxd6 {with chanves
for white to save the game,although this position is not very pleasent it is
better than the game continuation,where white has no chances to save the game})
26... Bxc3 $1 27. Nxc3 Bxf1 28. Qxb2 (28. Rxf1 Nc4 (28... Rh2 {Bykhovsky,Av}))
28... Rh3 $1 {the key move since otherwise white will get strong counterplay}
29. Rc1 (29. Rxf1 Rcxc3 $1 30. Rxb6 Qa4 31. Rb8+ Kg7 {and there is no hope for
white to save this game}) 29... b5 $1 {black continues his attack while white
does not have the time to organize his pieces} 30. Rdd1 b4 31. axb4 axb4 32.
Qxb4+ Kg8 33. Rd6 Bd3+ 34. Ka1 (34. Kb2 Rh2+) 34... Rh2 (34... Ra8+ 35. Na2 Rh2
) 35. Rxd3 Ra8+ 36. Na2 Rhxa2+ 37. Kb1 Ra1+ 38. Kb2 R1a4 $1 (38... R1a4 39. Qc5
(39. Qb3 Rb8) 39... Ra2+) 0-1

[Event "Donner Memorial"]
[Site "Amsterdam"]
[Date "1996.08.17"]
[Round "1"]
[White "Van Wely, Loek"]
[Black "Kamsky, Gata"]
[Result "1-0"]
[WhiteElo "2605"]
[BlackElo "2745"]
[Annotator "Har Zvi,R"]
[PlyCount "67"]
[EventDate "1996.08.17"]
[EventType "tourn"]
[EventRounds "11"]
[EventCountry "NED"]
[EventCategory "16"]
[SourceTitle "CBM 055"]
[Source "ChessBase"]
[SourceDate "1996.12.01"]
[SourceVersion "1"]
[SourceVersionDate "1996.12.01"]
[SourceQuality "1"]

1. d4 {Petursson Dautov Blatny,P Psakhis Sakaev} Nf6 2. c4 e6 3. Nf3 b6 4. a3
Ba6 (4... Bb7 5. Nc3 d5 6. cxd5 Nxd5 7. Bd2 Nd7 8. Qc2 c5 9. Nxd5 exd5 10. dxc5
bxc5 11. e3 Be7 12. Bd3 g6 $6 13. h4 $1 Qb6 14. h5 $36 {Kamsky,G-Karpov,A/
Elista/1996/}) 5. Qc2 c5 (5... Bb7 {Dautov} 6. Nc3 c5) 6. d5 exd5 7. cxd5 g6 (
7... Bb7 8. e4 Qe7 9. Bd3 Nxd5 10. O-O Nc7 11. Bg5 f6 12. Bf4 $1 $146 (12. Bh4)
12... d6 13. Nc3 Nd7 14. b4 g5 (14... O-O-O 15. bxc5 Nxc5 16. Nd4 g5 17. Bg3 h5
18. h3 $36 {Sakaev,K}) 15. Bg3 Ne5 16. bxc5 bxc5 (16... Nxf3+ 17. gxf3 dxc5 18.
Nb5 Nxb5 19. Bxb5+ Kf7 20. Rad1 $18) (16... dxc5 17. Nxe5 fxe5 18. Qa4+ Kf7 19.
Rad1 $18) 17. Bxe5 fxe5 18. Qa4+ Qd7 19. Qb3 $1 Bc6 20. Nxg5 Bh6 21. Nf3 Rf8
22. Qd1 $1 $16 {Sakaev,K-Ruban,V Russia (ch) 65/475 [Sakaev,K] 1995}) 8. Nc3 (
8. Bf4 d6 9. Nbd2 (9. Nc3 Bg7 10. Qa4+ Qd7 11. Bxd6 Qxa4 12. Nxa4 Nxd5 13. e4
Bxf1 14. Rxf1 Nf6 15. O-O-O Nc6 16. Nc3 $14 {/+/- Vaganian,R-Tukmakov,V Erevan
1980}) 9... Bg7 10. e4 Bxf1 11. Kxf1 O-O 12. Nc4 Ne8 13. Qb3 Qe7 14. Re1 Nd7
15. h4 $36 {Krasenkov,M-Brynell,S Malmo 61/538 [Krasenkov,M] 1994}) (8. e4 Bxf1
9. Kxf1 d6 10. Nc3 Bg7 11. Bf4 (11. g3 O-O 12. Kg2 Re8 $13) 11... O-O 12. h3
Re8 13. g4 b5 $1 14. Kg2 Qb6 15. a4 $6 (15. Rhe1) 15... b4 16. Nb5 b3 $1 17.
Qxb3 $2 (17. Qb1 $1 $13) 17... Rxe4 18. Bh2 {Cebalo,M-Tukmakov,V Pula 62/521 
[Tukmakov,V]} a6 $1 19. Nbd4 Nbd7 $1 20. g5 cxd4 21. Qxb6 Nxb6 22. gxf6 Bxf6
$17) 8... Bg7 9. g3 O-O 10. Bg2 d6 11. O-O Nbd7 (11... b5 12. Re1 Nbd7 13. h3
Qb6 14. e4 Rae8 15. Bf4 Nh5 16. Be3 Qb8 17. Rad1 Rc8 18. Qd2 Rfe8 19. Bh6 Bh8
20. Bf1 $1 $14 {/+/- Manor,I-Krays,A Tel Aviv,Czerniak 1996}) (11... Re8 12.
Bf4 Qe7 13. Rfe1 Nbd7 14. Rad1 Ne4 15. Qa4 Bxc3 16. bxc3 Bb7 17. Rd3 f5 $13 {
Jusupov,A-Timman,J Tilburg cq 1986}) 12. Re1 (12. Qa4 $5 Bb7 13. Qh4 $36) 12...
Re8 (12... Ng4 $2 {Psakhis} 13. Qa4 $18) 13. h3 {><g4} (13. Bf4 Qe7 14. e4 (14.
h3 {Dautov} Ne4 $1 $10) 14... Ng4 15. Bg5 f6 16. Bf4 Nge5 17. Nxe5 Nxe5 18.
Rad1 Qd7 {Kramnik-Timman/Linares/1993} 19. b3 Re7 20. Bc1 c4 $1 21. bxc4 Rc8 $1
$10 {Kramnik,V-Timman,J/Linares/1993/}) 13... b5 14. e4 (14. Bf4 Nb6 (14... Rc8
$2 15. Bxd6 $1 Nb6 16. Be5 Nfxd5 17. Bxg7 Kxg7 18. Rad1 $18) 15. e4 Qd7 16. Bf1
Nh5 17. Bg5 $13 {Shipov,S-Skembris,S Jagodina 61/539 1994}) 14... Rc8 (14...
Qb6 15. Be3 Rac8 (15... Bb7 16. b4 $1 a6 17. Nd2 $1 Qc7 18. Rac1 $14) 16. Bf1
Qb7 17. Bf4 Bf8 {N/ N} 18. e5 dxe5 19. Nxe5 Nxe5 20. Bxe5 Nd7 21. Bf4 Rxe1 22.
Rxe1 b4 $36 {San Segundo,P-Panno,O Buenos Aires Najdorf 1995}) 15. Be3 (15. Bf4
{Psakhis} Qb6 16. Qd2 c4 17. Bh6 Bh8 18. Qf4 Ne5 19. Nxe5 Rxe5 $13 {Cramling,
P-Fedorowicz,A/Dortmund/1986/0:1/59/ Cramling,P-Fedorowicz,J/Dortmund/1986/})
15... Qc7 (15... Nb8 {Psakhis} 16. Nd2 Nfd7 17. Bf1 $1 b4 18. Nb5 Qb6 (18...
Qf6 $2 19. Nxa7 Rc7 20. axb4 $1 $18 {Hansen,C-Agrest,E/Malme/1996/1:0/31/}) 19.
a4 $16) (15... b4 {Psakhis} 16. axb4 cxb4 17. Rxa6 bxc3 18. bxc3 Nxe4 19. c4
$14 {San Segundo,P-Zarnicki,P/Buenos Aires/1995/1:0/36/}) 16. Bf1 Qb7 17. Bf4
$1 Nh5 $6 {this move simply does not work,after some exchanges white is left
with a pawn up when black seems to haveno compensation at all N/ N} (17... Qb6)
(17... Bf8 $5 {Psakhis} 18. Qd2 (18. a4 b4 19. Nb5 b3 $1 $13) (18. e5 {Dautov}
dxe5 19. Nxe5 Nxe5 20. Bxe5 Nd7 21. Bf4 Rxe1 22. Rxe1 b4 23. Bxa6 Qxa6 24. Ne4
bxa3 25. bxa3 c4 26. Bd2 Qxa3 27. Bc3 $44 {San Segundo,P-Panno,O/Buenos Aires
Najdorf (06) ;CBM 49 1995}) 18... c4 19. Bh6 (19. Nd4 Nc5) 19... Ne5 20. Nxe5
Bxh6 21. Qxh6 Rxe5 22. Qd2 Qb6 23. Qe3 $5 $14 {Delemarre,J-Timman,J/Wijk aan
Zee/1995/0,5/61/}) (17... Qb6 18. a4 b4 19. Nb5 b3 20. Qxb3 (20. Qb1 $5 {
Blatny,P}) 20... Rxe4 21. Rxe4 Nxe4 22. Qc2 f5 23. Bc4 Ndf6 24. a5 Qb7 25. Nxd6
Nxd6 26. Bxd6 Bxc4 27. Qxc4 Qxd5 $10 {Boensch,U-Schlosser,P/Brno (08)/1993/})
18. Bxd6 b4 (18... Qb6 {Psakhis} 19. e5 f6 20. a4 $1 $16) 19. axb4 (19. Na4 $2
{Dautov} b3 20. Qd2 Bxf1 21. Rxf1 Qa6 $19) 19... Bxf1 20. bxc5 (20. Rxf1 $2 {
Psakhis} cxb4 21. Qb3 Nxg3 $5 (21... Bxc3 22. bxc3 Rxc3 23. Qd1 (23. Qxb4 Qxb4
24. Bxb4 Rxf3 $19) 23... Nhf6 $17) 22. fxg3 (22. Bxg3 $2 Nc5 $17) 22... Qb6+
23. Kg2 Qxd6 24. Nb5 Qc5 $17) (20. Kxf1 {Psakhis} cxb4 21. Qb3 Bxc3 22. bxc3
Rxc3 23. Qd1 Nhf6 $15) 20... Bxh3 (20... Nxc5 {Psakhis} 21. Bxc5 Bxh3 22. b4
$16) (20... Bxc3 {Psakhis} 21. bxc3 Bb5 22. c6 (22. c4 $6 Nxc5 23. Reb1 Nxe4
24. Be5 Qxd5 $1) 22... Bxc6 23. dxc6 Qxc6 24. Bb4 $16) (20... Bb5 {Dautov} 21.
c6 Bxc6 22. dxc6 Rxc6 23. Red1 Rec8 24. Ra3 $16) 21. c6 Qb6 22. cxd7 Bxd7 23.
e5 {where is black compensation?} Bg4 (23... Nxg3 {Psakhis} 24. e6 $1 Qxd6 (
24... fxe6 25. Bxg3 (25. Bxg3 {Dautov} exd5 26. Rxe8+ Bxe8 27. Qd2 d4 28. Ne2
Rd8 29. Be5 $16)) 25. exd7 Rxe1+ 26. Rxe1 Qxd7 27. fxg3 Bxc3 28. bxc3 Qxd5 29.
Re3 $16) (23... Bf5 24. Qd2 $16 Nxg3 $2 25. Na4 $18) 24. Kg2 f6 (24... Bxf3+ {
Psakhis} 25. Kxf3 f6 26. b4 $5 fxe5 27. Bc5 Qf6+ (27... Rxc5 28. bxc5 Qxc5 29.
Kg2 Rc8 30. Re3 Nf4+ 31. Kh1 Nxd5 32. Qa2 $18) 28. Kg2 $16 {/\Ne4}) 25. Qe4 (
25. b4 $5 $16) 25... Bxf3+ (25... Bf5 {Psakhis} 26. Qb4 fxe5 27. Qxb6 axb6 28.
Bxe5 $16) (25... fxe5 26. Qxg4 Qxd6 27. Rxa7 Nf6 28. Qa4 $16) 26. Qxf3 fxe5 27.
Ne4 {Black has gained back is pawn but now white pawn advantage has been
transfered into a positional advantage,a very big one he has a strong pass
pawnm,black bishop is blocked and the knight on h5 is not very good} Rc4 $2 (
27... a5 $5 $14 {Psakhis}) (27... Red8 {Dautov} 28. Qg4 Re8 29. Rac1 Rxc1 30.
Rxc1 $16 Qxb2 $2 31. Rc8 $18) 28. Ba3 Rd8 29. Be7 $1 Rxd5 (29... Rd7 {Psakhis}
30. d6 $16 Qxb2 $2 (30... Qb7 31. Ra5 {/\Nc5+-}) (30... Qc6 {Blatny,P} 31. Rac1
$3 Rxc1 32. Rxc1 Qb7 (32... Qxc1 $4 33. Qb3+) 33. Ng5 Qxf3+ 34. Kxf3 e4+ 35.
Nxe4 Be5 36. Rc5 $18) 31. Qg4 Qb5 32. Rab1 Qc6 33. Qe6+ Kh8 34. Rb8+ $18) 30.
Ng5 Qc6 (30... Qb5 {Psakhis} 31. Qf7+ Kh8 32. Ra5 $1 $18) 31. Qf7+ Kh8 {
[%csl Yd5,Ye8] The Qc6 is overloaded.} 32. Ra6 $1 Qa8 (32... Qxa6 33. Qe8+) (
32... Qd7 {Psakhis} 33. Rxa7 $1 Qc6 34. Rc7 $1 $18) 33. Rxa7 $1 Qg8 (33... Qc6
{Blatny,P} 34. Ra6 $18 (34. Rc7 {Dautov} Qa8 35. Rxc4 $18)) 34. Qxg8+ (34.
Qxg8+ {Psakhis} Kxg8 35. Ra8+ $18 (35. Ra8+ {Blatny,P} Bf8 36. Rxf8+ Kg7 37.
Ne6+ Kh6 38. Bg5#)) 1-0

[Event "EU-ch 4th"]
[Site "Istanbul"]
[Date "2003.06.05"]
[Round "6"]
[White "Ruck, Robert"]
[Black "Genov, Petar"]
[Result "1-0"]
[WhiteElo "2569"]
[BlackElo "2490"]
[Annotator "Hecht,H"]
[PlyCount "141"]
[EventDate "2003.05.30"]
[EventType "swiss"]
[EventRounds "13"]
[EventCountry "TUR"]
[SourceTitle "CBM 096"]
[Source "ChessBase"]
[SourceDate "2003.09.25"]
[SourceVersion "1"]
[SourceVersionDate "2003.09.25"]
[SourceQuality "1"]

1. Nf3 Nf6 2. c4 b6 3. Nc3 Bb7 4. d4 e6 5. a3 d5 6. Bg5 Be7 7. Qa4+ Qd7 8. Qb3
dxc4 9. Qxc4 Ba6 10. Qb3 Nc6 11. Rd1 Rd8 12. Qa4 Nb8 13. Qc2 O-O 14. e4 Bxf1
15. Kxf1 h6 16. h4 Nh7 17. Bf4 f5 18. h5 fxe4 19. Ne5 Qe8 20. Ng6 Rf7 21. Bxc7
Rc8 22. Bxb8 Rxb8 23. Qxe4 Ng5 24. Qe2 Rc8 25. Rd3 b5 26. Kg1 Bd6 27. g3 a5 28.
f4 b4 29. axb4 axb4 30. fxg5 bxc3 31. Rxc3 Rxc3 32. bxc3 Bxg3 33. Rh3 Qb8 34.
Qd3 Bf2+ 35. Kg2 Qb2 36. Rf3 Be3+ 37. Kg3 Rxf3+ 38. Kxf3 Qf2+ 39. Ke4 Bxg5 40.
Qf3 {[#] Die Position vermittelt dem Weißen bei Damentausch gute
Gewinnaussichten wegen des ideellen Mehrbauern. Bleiben Dame und Leichtfigur
auf dem Brett, so muss sich Schwarz Sorgen um die Gesundheit seines Königs
machen, während der weiße Herrscher in der unendlichen Weite des Damenflügels
Zuflucht finden wird. Letzteres erinnert mich unwillkürlich an das weite Land
Montana mit seinem großen Blau...!} Qe1+ ({Kleiner Ausflug in das
Leichtfigurenendspiel:} 40... Qxf3+ 41. Kxf3 Kf7 42. c4 Bd8 43. Ne5+ Kf6 44.
Ke4 Ba5 45. c5 Kg5 46. Nc4 Bc7 (46... Bd8 47. Ke5 Bf6+ 48. Kxe6 Bxd4 49. c6 $18
) 47. Nd6 $18 {[%csl Rc7,Re6,Rg7][%cal Re4e5,Rd6e8,Gc5c6]}) 41. Kd3 Qd2+ 42.
Kc4 Qa2+ 43. Kb5 Bf6 44. Qc6 Kh7 45. Nf8+ Kg8 46. Nxe6 Qe2+ 47. Kb6 (47. c4
$142 Qxh5+ (47... Qb2+ 48. Ka6 Bxd4 $2 49. Qe8+ {nebst matt}) 48. d5 $18) 47...
Qxh5 48. Qa8+ $6 (48. c4 $1) 48... Kh7 $2 (48... Kf7 $142 49. d5 Qf3 50. Qf8+
Kg6 51. Qe8+ Kf5 52. c4 g5 $132 {oder h5}) 49. Nf8+ Kg8 50. Nd7+ Kf7 51. Qf8+
Ke6 52. Nxf6 gxf6 53. c4 {Die verbundenen weißen Freibauern, die weiter vorn
stehen und auch schneller vorankommen als die schwarzen, verbürgen nun in
Verbindung mit der deutlich bessseren Königsstellung den Gewinn.} Qd1 54. Qc8+
{So oder so ist der Gewinn nur eine Frage der Zeit und der Geduld, gepaart mit
Sorgfalt.} ({Gegen} 54. d5+ {war indes nichts einzuwenden}) 54... Kf7 55. Qd7+
Kg6 56. c5 h5 57. c6 Qb3+ 58. Ka7 Qa4+ 59. Kb8 Qb3+ 60. Kc8 Qg8+ 61. Kc7 Qa8
62. Kb6 Qa4 63. Qe8+ Kg5 64. Qe3+ Kg6 65. Qd3+ Kg7 66. d5 Qb4+ 67. Qb5 Qd6 68.
Kb7 h4 69. c7 Qe7 70. d6 Qe4+ 71. Kb8 1-0

[Event "USA-ch"]
[Site "Parsippany"]
[Date "1996.??.??"]
[Round "12"]
[White "Christiansen, Larry Mark"]
[Black "Gurevich, Dmitry"]
[Result "0-1"]
[WhiteElo "2555"]
[BlackElo "2570"]
[Annotator "Hecht,H"]
[PlyCount "102"]
[EventDate "1996.07.13"]
[EventType "tourn"]
[EventRounds "13"]
[EventCountry "USA"]
[EventCategory "12"]
[SourceTitle "CBM 055"]
[Source "ChessBase"]
[SourceDate "1996.12.01"]
[SourceVersion "1"]
[SourceVersionDate "1996.12.01"]
[SourceQuality "1"]

1. c4 c5 2. Nf3 Nf6 3. Nc3 b6 4. e3 e6 5. d4 cxd4 6. exd4 Bb7 7. a3 d5 8. Bg5
Be7 9. Bxf6 Bxf6 10. cxd5 Bxd5 11. Nxd5 Qxd5 12. Qa4+ Ke7 13. Rc1 Rd8 14. Bd3
a6 15. O-O Ra7 16. Rfe1 Bxd4 17. Bxh7 Qb5 18. Qxb5 axb5 19. Nxd4 Rxd4 20. Be4
b4 21. Re3 Nd7 22. g3 Ne5 23. axb4 Rxb4 24. Bc2 Ra5 25. Bb3 Rab5 26. Rcc3 Rd4
27. h3 g5 28. Kf1 f5 29. Rc7+ Kd6 30. Ra7 f4 31. gxf4 gxf4 32. Rc3 Rd2 33. Ra4
f3 34. Kg1 Nc6 35. Bxe6 Nd4 36. Rxd4+ Rxd4 {[#] leichtes Voranbringen des
schwarzen a-Freibauern (nach sofortigem Fall von b2) mit T-Unterstützung, u.a.
Brückenbau; einfache Technik} 37. Bg4 Rxb2 38. Rxf3 b5 39. Kg2 b4 40. Rf6+ Kc5
41. Rf5+ Kc4 42. Rf8 b3 43. Rc8+ Kb4 44. Kg3 Rc2 45. Rb8+ Kc3 46. Bf5 Rc1 47.
h4 Rg1+ 48. Kh2 Rg7 49. Kh3 b2 50. h5 Rg5 51. Bg6 Rb4 (51... Rb4 52. Rxb4 (52.
Rc8+ Kd4 (52... Kb3 $4 53. Bc2+ $18) 53. Bb1 Rxh5+ 54. Kg2 Rc5 $19) 52... Kxb4
53. Be4 (53. Kh4 Rxg6 $19) 53... Rxh5+ 54. Kg4 Rh1 55. f4 Kc5 56. Kg5 Kd4 57.
Bc2 b1=Q 58. Bxb1 Rxb1 59. f5 Ke5 $19) 0-1

[Event "Beersheba 16th"]
[Site "Beersheba"]
[Date "1997.02.27"]
[Round "4"]
[White "Tyomkin, Dimitri"]
[Black "Kortschnoj, Viktor Lvovich"]
[Result "1/2-1/2"]
[WhiteElo "2450"]
[BlackElo "2635"]
[Annotator "Hecht,H"]
[PlyCount "119"]
[EventDate "1997.02.24"]
[EventType "tourn"]
[EventRounds "11"]
[EventCountry "ISR"]
[EventCategory "12"]
[SourceTitle "CBM 058"]
[Source "ChessBase"]
[SourceDate "1997.06.01"]
[SourceVersion "1"]
[SourceVersionDate "1997.06.01"]
[SourceQuality "1"]

1. d4 Nf6 2. c4 e6 3. Nf3 b6 4. a3 Bb7 5. Nc3 d5 6. Bg5 Be7 7. Qa4+ c6 8. Bxf6
Bxf6 9. cxd5 exd5 10. g3 O-O 11. Bg2 c5 12. Rd1 Qe7 13. O-O Rd8 14. e3 Na6 15.
Qb3 Rab8 16. Rd2 Nc7 17. Rfd1 g6 18. Qa2 Bg7 19. Ne5 b5 20. f4 b4 21. axb4 cxb4
22. Na4 f6 23. Nf3 Qxe3+ 24. Kh1 Qe6 25. Nc5 Qb6 26. f5 Bc8 27. fxg6 hxg6 28.
Re1 b3 29. Qa4 Bf5 30. Rde2 a5 31. Nh4 Bc2 32. Re7 g5 33. Nd7 Qb5 34. Qxb5 Rxb5
35. Nc5 gxh4 36. Rxc7 Bf5 37. Rf1 Bc8 38. Bxd5+ Rxd5 39. Rxc8+ Kh7 40. Rc7 Kg6
41. gxh4 Bh6 42. Rc6 Rf5 43. Rg1+ Kh5 44. Ne4 {[#]} Be3 45. Ng3+ Kxh4 46. Nxf5+
Rxf5 47. Re1 Bd2 48. Rd1 Rf2 49. Rc8 Bf4 50. d5 Rxh2+ 51. Kg1 Rxb2 52. Rc4 Kg5
53. Rxf4 Kxf4 {[#] Der Riesenfreibauer d5 kann gerade noch unter Opfer
gestoppt werden.} 54. d6 Kf3 $1 55. Rd3+ (55. d7 Rg2+ 56. Kh1 {sonst
Dauerschach} Rg8 57. d8=Q Rxd8 58. Rxd8 a4 59. Rb8 Ke2 60. Kg2 Kd2 61. Kf2 Kc2
62. Rc8+ {mit knappem Remis, wenn ich mich nicht täusche.}) 55... Ke2 56. d7 (
56. Rd5 Rc2 57. d7 b2 58. Rb5 Rc1+ $1 (58... Rd2 $2 59. Rxb2 $1) 59. Kg2 Rd1
60. Rxb2+ Ke3 61. Rb7 f5 {und Schwarz macht mindestens remis.}) 56... Rb1+ 57.
Kg2 Kxd3 58. d8=Q+ Kc2 59. Qc7+ Kb2 60. Qxa5 1/2-1/2

[Event "Biel GM"]
[Site "Biel"]
[Date "2002.07.24"]
[Round "3"]
[White "Dreev, Alexey"]
[Black "Vallejo Pons, Francisco"]
[Result "1-0"]
[WhiteElo "2676"]
[BlackElo "2648"]
[Annotator "Hecht,H"]
[PlyCount "71"]
[EventDate "2002.07.22"]
[EventType "tourn"]
[EventRounds "10"]
[EventCountry "SUI"]
[EventCategory "16"]
[SourceTitle "CBM 091"]
[Source "ChessBase"]
[SourceDate "2002.11.12"]
[SourceVersion "1"]
[SourceVersionDate "2002.11.12"]
[SourceQuality "1"]

1. d4 Nf6 2. c4 e6 3. Nf3 b6 4. a3 Ba6 5. Qc2 c5 6. d5 exd5 7. cxd5 g6 8. Bf4
d6 9. Nc3 Bg7 10. Qa4+ Qd7 11. Bxd6 Qxa4 12. Nxa4 Nxd5 13. O-O-O Ne7 14. e4
Bxf1 15. Rhxf1 Nbc6 16. Nc3 Bxc3 17. bxc3 Rd8 18. Be5 Rxd1+ 19. Rxd1 Nxe5 20.
Nxe5 {[#] Taktik - Bauerngabel, Fesselung, Bauerndurchbruch} f6 (20... O-O 21.
Rd7 Re8 22. Rxa7 Nc8 23. Ra8 Rxe5 24. Rxc8+ Kg7 25. f3 $16) 21. Nd7 Kf7 22. Rd6
Nc8 23. Rc6 Rd8 24. e5 $1 {[%csl Rf6][%cal Re5e6] Mit diesem Bauerngabeltrick
behauptet Weiß die Position seiner Figuren hinter den feindlichen Linien.} (24.
Nxf6 $2 Ne7 $1 {[%csl Rc6,Rf6]}) 24... f5 ({Vielleicht besser} 24... fxe5 25.
Nxe5+ Ke7 26. f4 Rf8 27. Rc7+ (27. g3 $140 Kd8 $14) 27... Kd6 28. Rd7+ Ke6 29.
Rxh7 Rxf4 30. Nxg6 Rf2 $132 {Idee: Sc8-d6-b5 oder e4}) 25. Nf6 Ne7 26. Rc7 Ke6
27. f4 h6 28. Rxa7 g5 29. Nh5 Ng6 (29... gxf4 30. Ng7+ $18) 30. Ng7+ Kd5 31. e6
Kd6 32. g4 $1 (32. Rb7 {war auch möglich}) 32... gxf4 33. gxf5 f3 34. fxg6 f2
35. Rf7 Rg8 36. e7 1-0